01445nam a2200277 a 4500001001000000005001700010008004100027041000800068044000700076084002000083100004500103245015100148260003400299300002200333500015700355500029900512500001000811546002500821650005200846650005600898650003400954650004500988700004201033700004201075740005001117BRCA_309120190320204116.0280109s1836----fr-a---###---#000-0dfre-u afre afr a401b.D83c18361 aCervantes Saavedra, Miguel ded1547-161610aL´Ingenieux Hidalgo Don Quichotte de la ManchecMiguel de Cervantes Saavedra ; Traduit et Annoté par Louis Viardot ; Vignetes de Tony Johannot. aParísbJ. J. Dubochetc1836 a2 v.bil.c27 cm. aContenido : v 1. Primera parte. Noticia sobre la vida y obra de Cervantes. Prólogo del autor. Texto. -- v 2. Segunda parte. Prólogo del autor. Texto aEdición conforme en todo a la LO-400, de 1836-37, de los mismos editores, quienes con los ejemplares sobrantes del tomo I, y de otro II, que hicieron imprimir en 1840 por G. Silbermann, en Strasbourg, completa la presente. Piel fina; lomeras y cubiertas decoradas con dorados Lúdovik Osterc aQM996 aTexto en : francés14aNovela españolayÉpoca clásica, 1500-170014aLiteratura españolayÉpoca clásica, 1500-170014aNovela españolaySiglo XVII14aDon Quijote (Personaje ficticio)eNovela1 aViardot, Louisd1800-1883eBiógrafo1 aJohannot, Tonyd1803-1852eIlustrador0 aEl Ingenioso Hidalgo Don Quijote de la Mancha